Culture générale en 60 secondes #1 - Géographie - Statistiques

Statistiques générales
  • Ce quiz a été pris 147 fois
    138 depuis la dernière actualisation
  • Le résultat moyen est 7 sur 18
Statistiques - réponses
Indice Réponse % Correct
Quel fleuve traverse Londres ? Tamise
94%
Quelle est la capitale de la Suède ? Stockholm
90%
Quelle région espagnole contient les villes de Grenade, Séville et Malaga ? Andalousie
70%
Dans quel pays se situe le Macchu Picchu ? Pérou
64%
Comment appelle t-on communément la deuxième plus haute montagne du monde ? K2
55%
Dans quelle ville se trouve la Porte de Brandebourg ? Berlin
49%
Les 4 langues officielles de la Suisse sont le français, l'allemand, l'italien et... Romanche
43%
Quelle nom de commune française ne comporte qu'une lettre ? Y
43%
Quelle est la deuxième plus grande ville de Pologne ? Cracovie
35%
Dans quel département se situe la grotte de Lascaux ? Dordogne
25%
Quel département portait autrefois le nom de Loire Inférieure ? Loire-Atlantique
25%
En quelle année l'Inde et le Pakistan ont obtenu leur indépendance ? 1947
19%
Quel est le pays le plus grand d'Afrique en superficie ? Algérie
17%
Quelle île est divisée en Haïti et République dominicaine ? Hispaniola
17%
Quelle région de France métropolitaine vote le plus à gauche ces dernières années ? Île-de-France
9%
Quel désert recouvre majoritairement le Botswana ? Kalahari
8%
Quel département porte le numéro 40 ? Landes
8%
Quelle région française abrite le plus de villes ayant au moins 100 000 habitants ? Auvergne-Rhône-Alpes
1%
Aucun quiz correspondant
Distribution des résultats
% des personnes avec chaque résultat
Percentile par nombre de réponses
Votre historique - résultats
Vous n’avez pas pris ce quiz depuis la dernière actualisation